[Event "Poznan op 26th"]
[Site "Poznan"]
[Date "2018.08.20"]
[Round "3"]
[White "Zadymov, Ihor"]
[Black "Najdzionek, Boleslaw"]
[Result "1-0"]
[WhiteElo "2102"]
[BlackElo "1715"]
[PlyCount "77"]
[EventDate "2018.08.19"]
[EventType "swiss"]
[EventRounds "9"]
[EventCountry "POR"]
[SourceTitle "CBM 186 Extra"]
[Source "ChessBase"]
[SourceDate "2018.08.24"]
[SourceVersion "1"]
[SourceVersionDate "2018.08.24"]
[SourceQuality "1"]

1. e4 c5 2. Nf3 Nc6 3. d4 cxd4 4. Nxd4 a6 5. Nc3 e6 6. Be3 Nf6 7. Bd3 d6 8. Qe2 Bd7 9. 0-0-0 Qc7 10. Rhg1 h5 11. h3 0-0-0 12. g4 hxg4 13. hxg4 g6 14. f4 Kb8 15. g5 Nh5 16. f5 Ne5 17. f6 Be8 18. Nb3 Rc8 19. Kb1 Bc6 20. a4 d5 21. exd5 exd5 22. Bf2 Bb4 23. Qe3 Rce8 24. Qa7+ Kc8 25. Na2 Bd6 26. Nc5 Bxc5 27. Bxc5 Nd7 28. Nb4 Nxc5 29. Qxc5 Nf4 30. Bxa6 Ne6 31. Qxc6 Qxc6 32. Nxc6 bxa6 33. Rxd5 Rh5 34. Rg3 Kc7 35. Nb4 Ra8 36. a5 Rd8 37. Nxa6+ Kc8 38. Rb5 Kd7 39. Ka2 1-0

[Event "Poznan op 26th"]
[Site "Poznan"]
[Date "2018.08.19"]
[Round "1"]
[White "Zadymov, Ihor"]
[Black "Zatylny, Jan"]
[Result "1-0"]
[WhiteElo "2102"]
[BlackElo "1548"]
[PlyCount "53"]
[EventDate "2018.08.19"]
[EventType "swiss"]
[EventRounds "9"]
[EventCountry "POR"]
[SourceTitle "CBM 186 Extra"]
[Source "ChessBase"]
[SourceDate "2018.08.24"]
[SourceVersion "1"]
[SourceVersionDate "2018.08.24"]
[SourceQuality "1"]

1. e4 e6 2. d4 d5 3. Nc3 c6 4. Bd3 Ne7 5. Nf3 Ng6 6. h4 Nd7 7. h5 Ne7 8. Qe2 Nb6 9. Bd2 Bd7 10. 0-0-0 Ng8 11. Ne5 Bd6 12. Qg4 Bf8 13. Qf3 Nf6 14. h6 Qe7 15. Bg5 0-0-0 16. hxg7 Bxg7 17. Ng4 dxe4 18. Nxe4 h5 19. Ngxf6 Bh6 20. Bxh6 Rxh6 21. Qf4 Rdh8 22. Nd6+ Kd8 23. Nxb7+ Kc8 24. Nd6+ Kd8 25. Nxd7 Nxd7 26. Nxf7+ Kc8 27. Ba6# 1-0

[Event "Poznan op 25th"]
[Site "Poznan"]
[Date "2017.08.24"]
[Round "6"]
[White "Sieciechowicz, Marcin"]
[Black "Zadymov, Ihor"]
[Result "1/2-1/2"]
[WhiteElo "2408"]
[BlackElo "2089"]
[PlyCount "75"]
[EventDate "2017.08.20"]
[EventType "swiss"]
[EventRounds "9"]
[EventCountry "POL"]
[SourceTitle "CBM 180 Extra"]
[Source "ChessBase"]
[SourceDate "2017.10.06"]
[SourceVersion "1"]
[SourceVersionDate "2017.10.06"]
[SourceQuality "1"]

1. d4 e6 2. c4 f5 3. g3 Nf6 4. Bg2 d5 5. Nf3 c6 6. 0-0 Bd6 7. b3 Qe7 8. Bb2 0-0 9. Qc1 b6 10. Ba3 Bb7 11. Bxd6 Qxd6 12. Qa3 Qxa3 13. Nxa3 Nbd7 14. Rac1 Rac8 15. b4 a5 16. b5 c5 17. Ng5 Rfe8 18. dxc5 Rxc5 19. Rfd1 h6 20. Nh3 g5 21. f4 g4 22. Nf2 Rec8 23. Rd4 R5c7 24. Rcd1 Kf7 25. Nd3 Ke7 26. Nb2 Ne4 27. Bxe4 fxe4 28. Na4 h5 29. Kf2 Rh8 30. Nc2 h4 31. Ne3 hxg3+ 32. hxg3 dxc4 33. Rxc4 Rh2+ 34. Ke1 Rxc4 35. Nxc4 Bd5 36. Ne3 Bxa2 37. Rd4 Bb3 38. Rxe4 1/2-1/2